[Event "Mosquera op (Women)"]
[Site "Mosquera"]
[Date "2014.11.03"]
[Round "9"]
[White "Cortes, Maria Angelica"]
[Black "Garzon, Rosshillary"]
[Result "1-0"]
[WhiteElo "1718"]
[BlackElo "1460"]
[PlyCount "60"]
[EventDate "2014.10.30"]
[EventType "swiss"]
[EventRounds "9"]
[EventCountry "COL"]
[SourceTitle "EXT 2015"]
[Source "ChessBase"]
[SourceDate "2014.11.20"]
[SourceVersion "1"]
[SourceVersionDate "2014.11.20"]
[SourceQuality "1"]

1. e4 e5 2. Nf3 Nc6 3. d4 exd4 4. Nxd4 Bc5 5. Nxc6 bxc6 6. Nc3 Nf6 7. Bg5 h6 8. Bh4 Qe7 9. Qe2 d6 10. f3 a5 11. Bf2 d5 12. Bxc5 Qxc5 13. exd5+ Kd8 14. 0-0-0 cxd5 15. Qb5 Qxb5 16. Bxb5 Bb7 17. Ne4 Ke7 18. Nc5 Rhb8 19. Nxb7 Kf8 20. a4 Rc8 21. Bc6 Ra6 22. Bxd5 c6 23. Bb3 Ra7 24. Nc5 Re8 25. Rhe1 Rxe1 26. Rxe1 Nd7 27. Nxd7+ Rxd7 28. Rd1 Re7 29. Rd8+ Re8 30. Rxe8+ Kxe8 1-0

[Event "Mosquera op (Women)"]
[Site "Mosquera"]
[Date "2014.11.02"]
[Round "6"]
[White "Cortes, Maria Angelica"]
[Black "Martinez, Laura Natalia"]
[Result "0-1"]
[WhiteElo "1718"]
[BlackElo "1693"]
[PlyCount "68"]
[EventDate "2014.10.30"]
[EventType "swiss"]
[EventRounds "9"]
[EventCountry "COL"]
[SourceTitle "EXT 2015"]
[Source "ChessBase"]
[SourceDate "2014.11.20"]
[SourceVersion "1"]
[SourceVersionDate "2014.11.20"]
[SourceQuality "1"]

1. e4 c5 2. Nf3 d6 3. d4 cxd4 4. Nxd4 Nf6 5. Nc3 g6 6. Be3 Bg7 7. f3 0-0 8. Qd2 Nc6 9. Bc4 Bd7 10. 0-0-0 Rc8 11. Bb3 Ne5 12. g4 a6 13. h4 h5 14. gxh5 Nxh5 15. Bh6 Nc4 16. Bxc4 Rxc4 17. Bxg7 Kxg7 18. Rdg1 Qa5 19. Nb3 Qe5 20. Rg5 Qf6 21. Qg2 Rh8 22. Ne2 Nf4 23. Nxf4 Qxf4+ 24. Qd2 Qxf3 25. Qg2 Qf4+ 26. Qd2 Rxh4 27. Rxh4 Qxh4 28. e5 dxe5 29. Rxe5 Bf5 30. c3 Rf4 31. Re1 Rf2 32. Qd4+ Qxd4 33. Nxd4 e6 34. Nxf5+ Rxf5 0-1

[Event "Mosquera op (Women)"]
[Site "Mosquera"]
[Date "2014.11.01"]
[Round "4"]
[White "Cortes, Maria Angelica"]
[Black "Castro, Dayana"]
[Result "1/2-1/2"]
[WhiteElo "1718"]
[BlackElo "1526"]
[PlyCount "84"]
[EventDate "2014.10.30"]
[EventType "swiss"]
[EventRounds "9"]
[EventCountry "COL"]
[SourceTitle "EXT 2015"]
[Source "ChessBase"]
[SourceDate "2014.11.20"]
[SourceVersion "1"]
[SourceVersionDate "2014.11.20"]
[SourceQuality "1"]

1. e4 e5 2. Nf3 Nc6 3. d4 exd4 4. Nxd4 d6 5. Nxc6 bxc6 6. Be3 Nf6 7. Nc3 Be6 8. Ba6 Rb8 9. b3 c5 10. Bb5+ Bd7 11. Bxd7+ Qxd7 12. f3 g6 13. Nd5 Bg7 14. Rc1 0-0 15. 0-0 Nxd5 16. Qxd5 Qe7 17. c4 Rbc8 18. Rfe1 h6 19. Qd2 Kh7 20. Rcd1 Rh8 21. Bf4 Rcd8 22. Qe2 Rde8 23. Rd5 Bd4+ 24. Kh1 Rc8 25. e5 Rhe8 26. Qe4 Qd7 27. Qb1 c6 28. Rxd6 Qe7 29. Qe4 Red8 30. g3 h5 31. Rxc6 f5 32. exf6 Qxe4 33. Rxe4 Rxc6 34. Re7+ Kg8 35. f7+ Kf8 36. Rxa7 Re6 37. Bh6+ Bg7 38. Bg5 Bf6 39. Bh6+ Bg7 40. Bg5 Bf6 41. Bh6+ Bg7 42. Bg5 Bf6 1/2-1/2

[Event "Mosquera op (Women)"]
[Site "Mosquera"]
[Date "2014.10.31"]
[Round "3"]
[White "Benavides Moncayo, Olga"]
[Black "Cortes, Maria Angelica"]
[Result "1/2-1/2"]
[WhiteElo "1933"]
[BlackElo "1718"]
[PlyCount "74"]
[EventDate "2014.10.30"]
[EventType "swiss"]
[EventRounds "9"]
[EventCountry "COL"]
[SourceTitle "EXT 2015"]
[Source "ChessBase"]
[SourceDate "2014.11.20"]
[SourceVersion "1"]
[SourceVersionDate "2014.11.20"]
[SourceQuality "1"]

1. e4 e5 2. d4 exd4 3. Qxd4 Nc6 4. Qe3 b6 5. Nc3 Bc5 6. Qg3 Bd4 7. Bd2 Bb7 8. 0-0-0 d6 9. Nf3 Bf6 10. Bf4 Bxc3 11. bxc3 Qf6 12. e5 dxe5 13. Nxe5 g5 14. Qxg5 Qxg5 15. Bxg5 Nxe5 16. Re1 f6 17. f4 fxg5 18. Rxe5+ Kf7 19. Bc4+ Kf6 20. Rxg5 h6 21. Rg3 Ne7 22. Re1 Bd5 23. Rxe7 Bxc4 24. Rxc7 Bxa2 25. c4 Rhc8 26. Rgg7 Bxc4 27. Rxc8 Rxc8 28. Rxa7 b5 29. g4 Bd3 30. Ra6+ Kg7 31. Kd2 Bxc2 32. Rb6 Ba4 33. h4 Rf8 34. Ke3 Rf6 35. Rb7+ Rf7 36. Rb6 Rf6 37. Rb7+ Rf7 1/2-1/2

[Event "Bogota Superate Intercol Adv (Women)"]
[Site "Bogota"]
[Date "2014.10.24"]
[Round "1.5"]
[White "Cortes, Maria Angelica"]
[Black "Rivera Quintero, Maria Isabel"]
[Result "1-0"]
[WhiteElo "1718"]
[BlackElo "1479"]
[PlyCount "55"]
[EventDate "2014.10.24"]
[EventType "swiss (blitz)"]
[EventRounds "8"]
[EventCountry "COL"]
[SourceTitle "EXT 2024"]
[Source "ChessBase"]
[SourceDate "2023.10.10"]
[SourceVersion "1"]
[SourceVersionDate "2023.10.10"]
[SourceQuality "1"]

1. e4 c5 2. Nf3 d6 3. d4 cxd4 4. Nxd4 Nf6 5. Nc3 g6 6. Be3 Bg7 7. f3 0-0 8. Qd2 Nc6 9. g4 h5 10. h3 Bd7 11. Bh6 Kh7 12. Bg5 a6 13. Be2 Nxd4 14. Qxd4 Rb8 15. Qd2 b5 16. Nd5 Nxd5 17. Qxd5 Qc7 18. c3 Bc6 19. Qd2 Rfe8 20. gxh5 gxh5 21. Qf4 Qd7 22. Qh4 Kg6 23. Rg1 f6 24. Bf4+ Kf7 25. Qxh5+ Kf8 26. Qh7 e6 27. Bh6 Bxh6 28. Rg8# 1-0

[Event "Bogota Superate Intercol Adv (Women)"]
[Site "Bogota"]
[Date "2014.10.23"]
[Round "3.2"]
[White "Alvarez, Gabriela"]
[Black "Cortes, Maria Angelica"]
[Result "0-1"]
[WhiteElo "1605"]
[BlackElo "1718"]
[PlyCount "106"]
[EventDate "2014.10.23"]
[EventType "swiss (rapid)"]
[EventRounds "6"]
[EventCountry "COL"]
[SourceTitle "EXT 2024"]
[Source "ChessBase"]
[SourceDate "2023.10.10"]
[SourceVersion "1"]
[SourceVersionDate "2023.10.10"]
[SourceQuality "1"]

1. d4 d5 2. c4 e6 3. e3 Nf6 4. Nc3 c6 5. Bd2 Bb4 6. a3 Bxc3 7. Bxc3 Ne4 8. Bd2 Nd7 9. c5 Qf6 10. Nf3 0-0 11. Be2 e5 12. 0-0 exd4 13. exd4 Qg6 14. Nh4 Qf6 15. Nf3 Re8 16. Be3 Nf8 17. Qc1 Ng6 18. g3 Bg4 19. Kg2 Rad8 20. Re1 h6 21. Qd1 Re6 22. Nd2 Bxe2 23. Qxe2 Nxd2 24. Qxd2 Rde8 25. b4 b6 26. Re2 Rb8 27. Rb1 bxc5 28. dxc5 Ne5 29. Bf4 Qf5 30. Rbe1 Nc4 31. Qa2 Rbe8 32. Rxe6 Rxe6 33. Rxe6 Qxe6 34. a4 a6 35. h4 d4 36. Kf1 Ne3+ 37. fxe3 Qxa2 38. exd4 Qxa4 39. d5 cxd5 40. Bd6 Qxb4 41. g4 Qb7 42. Ke2 Qc6 43. Kd3 f6 44. Kd4 a5 45. Kc3 a4 46. Kb4 Kf7 47. g5 fxg5 48. hxg5 hxg5 49. Bg3 Kf6 50. Bd6 Kf5 51. Bb8 Qb7+ 52. Kxa4 Qxb8 53. Ka5 Qc7+ 0-1

[Event "Bogota Superate Intercol Adv (Women)"]
[Site "Bogota"]
[Date "2014.10.23"]
[Round "2.4"]
[White "Cortes, Maria Angelica"]
[Black "Camacho Calderon, Katherine"]
[Result "1-0"]
[WhiteElo "1718"]
[BlackElo "1610"]
[PlyCount "97"]
[EventDate "2014.10.23"]
[EventType "swiss (rapid)"]
[EventRounds "6"]
[EventCountry "COL"]
[SourceTitle "EXT 2024"]
[Source "ChessBase"]
[SourceDate "2023.10.10"]
[SourceVersion "1"]
[SourceVersionDate "2023.10.10"]
[SourceQuality "1"]

1. e4 e5 2. Nf3 Nc6 3. d4 exd4 4. Nxd4 Nge7 5. Nc3 g6 6. Nxc6 Nxc6 7. Bb5 a6 8. Bxc6 bxc6 9. b3 Bb4 10. Bd2 0-0 11. 0-0 Re8 12. f3 d5 13. exd5 cxd5 14. Ne2 Bxd2 15. Qxd2 c6 16. Ng3 Qb6+ 17. Qf2 Rb8 18. Qxb6 Rxb6 19. Rfe1 Rxe1+ 20. Rxe1 Bd7 21. Rc1 a5 22. c4 Rb4 23. cxd5 cxd5 24. Rc5 Be6 25. Rxa5 d4 26. Ra4 Rxa4 27. bxa4 d3 28. Ne4 Bxa2 29. Kf2 Bc4 30. Ke3 f5 31. Nc5 g5 32. Nxd3 f4+ 33. Kd2 Kf7 34. Ne5+ Kf6 35. Nxc4 Ke6 36. Kc3 Kd7 37. a5 Kc8 38. Kd4 Kb7 39. Ke5 h6 40. Kf6 Ka6 41. Kg6 Kb5 42. Kxh6 Kxc4 43. a6 Kd3 44. Kxg5 Ke3 45. a7 Kf2 46. Kxf4 Kxg2 47. a8Q Kf2 48. Qa2+ Kg1 49. Kg3 1-0

[Event "Bogota Superate Intercol (Women)"]
[Site "Bogota"]
[Date "2014.10.23"]
[Round "5.4"]
[White "Cortes, Maria Angelica"]
[Black "Guerra Verano, Diana"]
[Result "1-0"]
[WhiteElo "1718"]
[BlackElo "1629"]
[PlyCount "121"]
[EventDate "2014.10.21"]
[EventType "swiss"]
[EventRounds "5"]
[EventCountry "COL"]
[SourceTitle "EXT 2024"]
[Source "ChessBase"]
[SourceDate "2023.10.10"]
[SourceVersion "1"]
[SourceVersionDate "2023.10.10"]
[SourceQuality "1"]

1. e4 c5 2. Nf3 e6 3. d4 cxd4 4. Nxd4 a6 5. Nc3 Qc7 6. Bd3 Nf6 7. 0-0 Bb4 8. Bd2 Nc6 9. Nxc6 bxc6 10. Kh1 d5 11. Nxd5 Nxd5 12. exd5 Bxd2 13. Qxd2 cxd5 14. Qg5 0-0 15. Qh4 g6 16. c4 Bb7 17. cxd5 Qd8 18. Qxd8 Rfxd8 19. Bc4 exd5 20. Bb3 Rd6 21. Rfd1 Re8 22. Re1 Rde6 23. Rxe6 Rxe6 24. h3 Re2 25. Rc1 Re7 26. Kg1 f5 27. f4 Kg7 28. Kf2 Kf6 29. Re1 Rc7 30. g3 Kg7 31. Ke3 Re7+ 32. Kd2 Rxe1 33. Kxe1 d4 34. Kd2 Be4 35. Bc2 Kf6 36. h4 h6 37. b4 g5 38. Bd3 Bb7 39. Be2 gxh4 40. gxh4 Kg6 41. Kd3 Bd5 42. a3 Bc6 43. Kxd4 Be4 44. Ke3 Bb7 45. h5+ Kf6 46. Bf3 Bc8 47. Kd4 Ke6 48. Kc5 Bd7 49. Kb6 Bc8 50. Bb7 Bxb7 51. Kxb7 Kd5 52. Kxa6 Ke4 53. b5 Kxf4 54. b6 Kf3 55. b7 f4 56. b8Q Kg4 57. Qc8+ Kg3 58. Qg8+ Kf2 59. Qf8 f3 60. Qxh6 Ke2 61. Qf6 1-0

[Event "Bogota Superate Intercol (Women)"]
[Site "Bogota"]
[Date "2014.10.21"]
[Round "1.4"]
[White "Hermida, Paula Camila"]
[Black "Cortes, Maria Angelica"]
[Result "1/2-1/2"]
[WhiteElo "1482"]
[BlackElo "1718"]
[PlyCount "34"]
[EventDate "2014.10.21"]
[EventType "swiss"]
[EventRounds "5"]
[EventCountry "COL"]
[SourceTitle "EXT 2024"]
[Source "ChessBase"]
[SourceDate "2023.10.10"]
[SourceVersion "1"]
[SourceVersionDate "2023.10.10"]
[SourceQuality "1"]

1. e4 e5 2. Nf3 Nf6 3. Nc3 Nc6 4. a3 d5 5. Bb5 d4 6. Bxc6+ bxc6 7. Na4 Bd6 8. Qe2 Nd7 9. c3 c5 10. Qc4 Nb6 11. Nxb6 cxb6 12. d3 Be6 13. Qb5+ Qd7 14. Qa6 Qc8 15. Qb5+ Qd7 16. Qa6 Qc8 17. Qb5+ Qd7 1/2-1/2

[Event "Central America & Caribbean U14 Girls"]
[Site "Palmira"]
[Date "2014.10.05"]
[Round "4.4"]
[White "Cortes, Maria Angelica"]
[Black "Varela, Maria de los Angele"]
[Result "0-1"]
[WhiteElo "1718"]
[BlackElo "1652"]
[PlyCount "48"]
[EventDate "2014.10.04"]
[EventType "swiss"]
[EventRounds "9"]
[EventCountry "COL"]
[SourceTitle "EXT 2024"]
[Source "ChessBase"]
[SourceDate "2023.10.10"]
[SourceVersion "1"]
[SourceVersionDate "2023.10.10"]
[SourceQuality "1"]

1. e4 c5 2. Nf3 Nc6 3. d4 cxd4 4. Nxd4 e5 5. Nb5 a6 6. Nd6+ Bxd6 7. Qxd6 Qf6 8. Qd1 Qg6 9. Nc3 Nge7 10. f3 d6 11. Nd5 Nxd5 12. Qxd5 Nd4 13. Qc4 f5 14. Be3 Be6 15. Qd3 fxe4 16. fxe4 Rc8 17. Bxd4 exd4 18. Qxd4 Rxc2 19. Qa4+ Rc6 20. g3 0-0 21. Bg2 Qf6 22. Rf1 Qxb2 23. Rxf8+ Kxf8 24. Rd1 Qxg2 0-1

[Event "COL-ch U14 Girls"]
[Site "Bogota"]
[Date "2014.05.31"]
[Round "4"]
[White "Cortes, Maria Angelica"]
[Black "Viveros Torres, Erica Johana"]
[Result "1/2-1/2"]
[WhiteElo "1744"]
[BlackElo "1533"]
[PlyCount "20"]
[EventDate "2014.05.29"]
[EventType "swiss"]
[EventRounds "7"]
[EventCountry "COL"]
[SourceTitle "CBM 160 Extra"]
[Source "ChessBase"]
[SourceDate "2014.07.01"]
[SourceVersion "1"]
[SourceVersionDate "2014.07.01"]
[SourceQuality "1"]

1. e4 c5 2. Nf3 d6 3. d4 cxd4 4. Nxd4 Nf6 5. Nc3 Nc6 6. f3 e6 7. Be3 Be7 8. Qd2 a6 9. Bd3 e5 10. Nb3 Nb4 1/2-1/2

[Event "COL-ch U14 Girls"]
[Site "Bogota"]
[Date "2014.05.30"]
[Round "2"]
[White "Cortes, Maria Angelica"]
[Black "Sarmiento, Carolina"]
[Result "1-0"]
[WhiteElo "1744"]
[BlackElo "1418"]
[PlyCount "62"]
[EventDate "2014.05.29"]
[EventType "swiss"]
[EventRounds "7"]
[EventCountry "COL"]
[SourceTitle "CBM 160 Extra"]
[Source "ChessBase"]
[SourceDate "2014.07.01"]
[SourceVersion "1"]
[SourceVersionDate "2014.07.01"]
[SourceQuality "1"]

1. e4 c5 2. Nf3 e6 3. d4 cxd4 4. Nxd4 a6 5. Nc3 Qc7 6. f3 Bb4 7. Bd2 Nf6 8. Bd3 Nc6 9. Nce2 Bc5 10. Nb3 Nb4 11. Qc1 d5 12. Nxc5 Qxc5 13. Be3 Nxd3+ 14. cxd3 Qxc1+ 15. Rxc1 e5 16. Ng3 d4 17. Bg5 Nd7 18. Nf5 f6 19. Nxg7+ Kf7 20. Bh6 Kg6 21. Nf5 Nb6 22. Bd2 Bxf5 23. exf5+ Kxf5 24. g4+ Kg6 25. Rc7 Rhc8 26. h4 h5 27. Kf2 Nd5 28. Rd7 Rd8 29. gxh5+ Kxh5 30. Rh7+ Kg6 31. Rh6+ Kf5 1-0

[Event "COL-ch U14 Girls"]
[Site "Bogota"]
[Date "2014.05.30"]
[Round "3"]
[White "Toro Castaneda, Elizabeth"]
[Black "Cortes, Maria Angelica"]
[Result "1/2-1/2"]
[WhiteElo "1639"]
[BlackElo "1744"]
[PlyCount "43"]
[EventDate "2014.05.29"]
[EventType "swiss"]
[EventRounds "7"]
[EventCountry "COL"]
[SourceTitle "CBM 160 Extra"]
[Source "ChessBase"]
[SourceDate "2014.07.01"]
[SourceVersion "1"]
[SourceVersionDate "2014.07.01"]
[SourceQuality "1"]

1. e4 c5 2. Nf3 d6 3. d4 cxd4 4. Nxd4 Nf6 5. Nc3 g6 6. Be3 Bg7 7. Be2 0-0 8. 0-0 Bd7 9. h3 Nc6 10. Qd2 Qc8 11. Rad1 Nxd4 12. Bxd4 e5 13. Be3 Bc6 14. Bf3 Rd8 15. Bg5 Qc7 16. Rfe1 Rac8 17. b4 b6 18. b5 Bb7 19. Re3 Qc5 20. Rd3 Qc7 21. Bxf6 Bxf6 22. Bg4 1/2-1/2

[Event "Bogota U14 Girls"]
[Site "Bogota"]
[Date "2014.05.18"]
[Round "5.1"]
[White "Cortes, Maria Angelica"]
[Black "Rodriguez Zarama, Leidy Lorena"]
[Result "1-0"]
[WhiteElo "1744"]
[BlackElo "1398"]
[PlyCount "95"]
[EventDate "2014.05.16"]
[EventType "tourn"]
[EventRounds "5"]
[EventCountry "COL"]
[SourceTitle "EXT 2024"]
[Source "ChessBase"]
[SourceDate "2023.10.10"]
[SourceVersion "1"]
[SourceVersionDate "2023.10.10"]
[SourceQuality "1"]

1. e4 e5 2. Nf3 Nc6 3. d4 d6 4. dxe5 Nxe5 5. Nxe5 dxe5 6. Qxd8+ Kxd8 7. Nc3 Be6 8. f3 Bb4 9. Bd2 Bxc3 10. Bxc3 Kc8 11. Bxe5 f6 12. Bc3 Ne7 13. a3 Rd8 14. Bd3 g6 15. Bxf6 Re8 16. Bxe7 Rxe7 17. 0-0-0 c6 18. Be2 Kc7 19. Rd2 Rc8 20. Rhd1 Rf8 21. Rd4 h5 22. b3 c5 23. Rd6 Ree8 24. Bb5 Re7 25. Bc4 Bxc4 26. bxc4 Rg8 27. Rf6 Rd7 28. Rxd7+ Kxd7 29. Rf7+ Kc6 30. Re7 Kd6 31. Rxb7 a5 32. Rb6+ Ke5 33. Rb5 Rc8 34. c3 Kf4 35. Kd2 h4 36. Ke2 g5 37. Kf2 Ke5 38. Rxa5 Rc7 39. Rb5 Rc8 40. a4 g4 41. a5 gxf3 42. gxf3 Kf4 43. a6 h3 44. a7 Ra8 45. Rxc5 Rf8 46. Rf5+ Rxf5 47. exf5 Kxf5 48. a8Q 1-0

[Event "Bogota U14 Girls"]
[Site "Bogota"]
[Date "2014.05.17"]
[Round "3.2"]
[White "Cortes, Maria Angelica"]
[Black "Sarmiento, Carolina"]
[Result "1-0"]
[WhiteElo "1744"]
[BlackElo "1418"]
[PlyCount "53"]
[EventDate "2014.05.16"]
[EventType "tourn"]
[EventRounds "5"]
[EventCountry "COL"]
[SourceTitle "EXT 2024"]
[Source "ChessBase"]
[SourceDate "2023.10.10"]
[SourceVersion "1"]
[SourceVersionDate "2023.10.10"]
[SourceQuality "1"]

1. e4 c5 2. Nf3 e6 3. d4 cxd4 4. Nxd4 a6 5. Nc3 Nf6 6. f3 h6 7. Be3 Qc7 8. Qd2 Bc5 9. Nb3 Bxe3 10. Qxe3 Nc6 11. Bd3 Ne5 12. Qc5 Qxc5 13. Nxc5 d6 14. Nb3 0-0 15. 0-0-0 b5 16. Be2 Ne8 17. g4 Bd7 18. h4 b4 19. Nb1 Ng6 20. c3 Nf4 21. Bf1 a5 22. N3d2 f5 23. Nc4 Bb5 24. Nxd6 Bxf1 25. Rhxf1 Nxd6 26. Rxd6 fxe4 27. Nd2 1-0

[Event "COL-ch U12 Girls"]
[Site "Florencia"]
[Date "2013.06.02"]
[Round "5"]
[White "Fraile Vela, Maria Isabel"]
[Black "Cortes, Maria Angelica"]
[Result "0-1"]
[WhiteElo "1737"]
[BlackElo "1778"]
[PlyCount "44"]
[EventDate "2013.05.31"]
[EventType "swiss"]
[EventRounds "7"]
[EventCountry "COL"]
[SourceTitle "CBM 154 Extra"]
[Source "ChessBase"]
[SourceDate "2013.06.25"]
[SourceVersion "2"]
[SourceVersionDate "2013.06.25"]
[SourceQuality "1"]

1. e4 c5 2. Nf3 d6 3. d4 cxd4 4. Nxd4 Nf6 5. Nc3 g6 6. f4 Bg7 7. e5 dxe5 8. fxe5 Nfd7 9. e6 Ne5 10. Bb5+ Kf8 11. 0-0 f6 12. Ne4 Qd5 13. Nf5 Qxb5 14. Qd8+ Qe8 15. Qxe8+ Kxe8 16. Nxg7+ Kf8 17. Bh6 Ng4 18. Nf5+ Nxh6 19. Nxh6 Kg7 20. Ng4 f5 21. Rad1 Nc6 22. Rf2 fxg4 0-1

[Event "COL-ch U14 Girls"]
[Site "Medellin"]
[Date "2013.04.26"]
[Round "4"]
[White "Cortes, Maria Angelica"]
[Black "Varela, Maria de los Angele"]
[Result "0-1"]
[WhiteElo "1760"]
[BlackElo "1651"]
[PlyCount "90"]
[EventDate "2013.04.26"]
[EventType "swiss"]
[EventRounds "7"]
[EventCountry "COL"]
[SourceTitle "EXT 2015"]
[Source "ChessBase"]
[SourceDate "2014.11.20"]
[SourceVersion "1"]
[SourceVersionDate "2014.11.20"]
[SourceQuality "1"]

1. e4 c5 2. Nf3 d6 3. d4 cxd4 4. Nxd4 Nf6 5. Nc3 g6 6. Be3 Bg7 7. f3 0-0 8. Qd2 Nc6 9. Nb3 Be6 10. Be2 h5 11. 0-0 d5 12. Bh6 dxe4 13. Bxg7 Kxg7 14. Qxd8 Rfxd8 15. Nxe4 Nxe4 16. fxe4 Bxb3 17. axb3 Rd2 18. Bd3 Nd4 19. Rad1 Rxd1 20. Rxd1 Rc8 21. Rd2 h4 22. Bc4 Rd8 23. Kf2 Nc6 24. Rxd8 Nxd8 25. Kf3 g5 26. Kg4 f6 27. Kf5 Nc6 28. c3 Ne5 29. h3 Nxc4 30. bxc4 Kf7 31. e5 e6+ 32. Kg4 Kg6 33. exf6 Kxf6 34. b4 e5 35. c5 e4 36. b5 Ke5 37. c4 Ke6 38. g3 a5 39. b6 Kd7 40. gxh4 gxh4 41. Kf4 a4 42. Kxe4 a3 43. Kd5 a2 44. c6+ bxc6+ 45. Kc5 a1Q 0-1

[Event "Bogota McGregor op 3rd"]
[Site "Bogota"]
[Date "2012.12.13"]
[Round "3"]
[White "Reyes, Riscanevo"]
[Black "Cortes, Maria Angelica"]
[Result "1-0"]
[WhiteElo "1797"]
[BlackElo "1770"]
[PlyCount "75"]
[EventDate "2012.12.12"]
[EventType "swiss"]
[EventRounds "9"]
[EventCountry "COL"]
[SourceTitle "EXT 2014"]
[Source "ChessBase"]
[SourceDate "2013.11.20"]
[SourceVersion "1"]
[SourceVersionDate "2013.11.20"]
[SourceQuality "1"]

1. d4 d5 2. c4 Bf5 3. Nc3 Nf6 4. Nf3 e6 5. Bg5 Nc6 6. a3 Be7 7. cxd5 Nxd5 8. Bxe7 Nxc3 9. Bxd8 Nxd1 10. Rxd1 Rxd8 11. e3 Bg4 12. Bb5 a6 13. Ba4 b5 14. Bb3 e5 15. Rc1 Bxf3 16. gxf3 Na5 17. Ba2 exd4 18. Rxc7 dxe3 19. Bxf7+ Kf8 20. fxe3 h6 21. Ke2 g5 22. Rhc1 Rh7 23. Ba2 Rxc7 24. Rxc7 Re8 25. Rf7+ Kg8 26. Re7+ Kf8 27. Rxe8+ Kxe8 28. b4 Nc6 29. Bd5 Kd7 30. Kd3 Kd6 31. Bxc6 Kxc6 32. Ke4 Kd6 33. h3 Ke6 34. Kd4 Kd6 35. e4 h5 36. e5+ Ke6 37. Ke4 Ke7 38. Kf5 1-0

[Event "Central Region-ch U12"]
[Site "Villavicencio"]
[Date "2012.05.20"]
[Round "4.3"]
[White "Cortes, Maria Angelica"]
[Black "Velasquez, Angie Gabriela"]
[Result "0-1"]
[WhiteElo "1770"]
[BlackElo "1989"]
[PlyCount "27"]
[EventDate "2012.05.18"]
[EventType "swiss"]
[EventRounds "6"]
[EventCountry "COL"]
[SourceTitle "EXT 2024"]
[Source "ChessBase"]
[SourceDate "2023.10.10"]
[SourceVersion "1"]
[SourceVersionDate "2023.10.10"]
[SourceQuality "1"]

1. e4 c5 2. Nf3 d6 3. d4 cxd4 4. Nxd4 Nf6 5. Nc3 a6 6. Bg5 e6 7. f4 Be7 8. Bxf6 Bxf6 9. g4 e5 10. fxe5 Bh4+ 11. Ke2 Bxg4+ 12. Nf3 Nc6 13. Qxd6 Qxd6 14. exd6 0-1

[Event "Bogota U14 Mixto op"]
[Site "Bogota"]
[Date "2012.03.23"]
[Round "3.2"]
[White "Nieto, Guillermo Luigui"]
[Black "Cortes, Maria Angelica"]
[Result "1-0"]
[WhiteElo "1898"]
[BlackElo "1772"]
[PlyCount "55"]
[EventDate "2012.03.23"]
[EventType "swiss"]
[EventRounds "6"]
[EventCountry "COL"]
[SourceTitle "EXT 2024"]
[Source "ChessBase"]
[SourceDate "2023.10.10"]
[SourceVersion "1"]
[SourceVersionDate "2023.10.10"]
[SourceQuality "1"]

1. e4 e5 2. Nf3 Nc6 3. d4 exd4 4. Bc4 Nf6 5. e5 d5 6. Bb5 Ne4 7. Nxd4 Bd7 8. Bxc6 Bxc6 9. Nxc6 bxc6 10. Be3 Bc5 11. Bxc5 Nxc5 12. Qd4 Ne6 13. Qa4 Qd7 14. 0-0 0-0 15. Nd2 Rfe8 16. f4 Nc5 17. Qd4 Ne6 18. Qf2 a6 19. f5 Ng5 20. Qg3 Ne4 21. Nxe4 dxe4 22. f6 g6 23. Qe3 Kh8 24. Qh6 Rg8 25. Rf4 Qd4+ 26. Kh1 Rad8 27. Qxh7+ Kxh7 28. Rh4# 1-0

[Event "Duitama Primer de la Manta Real"]
[Site "Duitama"]
[Date "2012.01.03"]
[Round "4.1"]
[White "Torres, Carlos Andres"]
[Black "Cortes, Maria Angelica"]
[Result "1-0"]
[WhiteElo "2039"]
[BlackElo "1988"]
[PlyCount "73"]
[EventDate "2012.01.02"]
[EventType "tourn"]
[EventRounds "9"]
[EventCountry "COL"]
[SourceTitle "EXT 2024"]
[Source "ChessBase"]
[SourceDate "2023.10.10"]
[SourceVersion "1"]
[SourceVersionDate "2023.10.10"]
[SourceQuality "1"]

1. e4 e5 2. Nf3 Nc6 3. Bc4 Bc5 4. b4 Bxb4 5. c3 Bc5 6. d4 exd4 7. 0-0 Nf6 8. cxd4 Bb6 9. Ba3 d6 10. e5 dxe5 11. Qb3 Qd7 12. Nxe5 Nxe5 13. dxe5 Ne4 14. Bxf7+ Qxf7 15. Qa4+ Bd7 16. Qxe4 0-0-0 17. Nc3 Bc6 18. Qg4+ Kb8 19. e6 Qf6 20. e7 Rd3 21. Bb2 Rd4 22. Qg3 Qxe7 23. a4 Qf7 24. a5 Bc5 25. Ba3 Bxa3 26. Rxa3 Qg6 27. Qxg6 hxg6 28. Ne2 Rdh4 29. h3 Bb5 30. Re3 Bxe2 31. Rxe2 Ra4 32. Rfe1 b6 33. axb6 axb6 34. Re7 Rh7 35. Rc1 c5 36. Rd1 Ra7 37. Rd8# 1-0